LEADER 01219nam0-2200385li-450 001 990000157860203316 005 20180312154610.0 010 $a0-921598-06-8 035 $a0015786 035 $aUSA010015786 035 $a(ALEPH)000015786USA01 035 $a0015786 100 $a20001109d1990----km-y0itay0103----ba 101 0 $aeng 102 $aCN 200 1 $aIntroduction to computer science using the Turing programming language$fJ.N.P. Hume, R.C. Holt 205 $a2nd ed 210 $aToronto$cHolt Software Associates$dcopyr. 1990 215 $aVIII, 389 p.$cill.$d23 cm 610 1 $ainformatica 610 1 $alinguaggio turing 676 $a004$9Elab. dei dati Scienza degli elab. Informatica 700 1$aHume,$bJ.N.P.$040925 702 1$aHolt,$bR.C. 801 $aSistema bibliotecario di Ateneo dell' Università di Salerno$gRICA 912 $a990000157860203316 951 $a004 HUM (A)$b0000734 959 $aBK 969 $aTEC 979 $c19910409 979 $c20001110$lUSA01$h1712 979 $c20020403$lUSA01$h1623 979 $aPATRY$b90$c20040406$lUSA01$h1611 996 $aIntroduction to computer science using the Turing programming language$91486642 997 $aUNISA LEADER 02170nam0 2200445 i 450 001 VAN0091497 005 20211111095922.525 017 70$2N$a9783642278938 100 $a20121015d2012 |0itac50 ba 101 $aeng 102 $aDE 105 $a|||| ||||| 200 1 $aControl of partial differential equations$eCetraro, Italy 2010$fAlabau-Boussouira ... [et al.]$gPiermarco Cannarsa, Jean-Michel Coron editors 210 $aBerlin$cSpringer$d2012 215 $aXIII, 344 p.$cill.$d24 cm 410 1$1001VAN0050834$12001 $aLecture notes in mathematics. Fondazione CIME. Firenze$1210 $aBerlin$cSpringer$1300 $aDal 2011: C.I.M.E. Foundation Subseries 461 1$1001VAN0102250$12001 $aLecture notes in mathematics$1210 $aBerlin [etc.]$cSpringer$v2048 500 1$3VAN0234273$aControl of partial differential equations : Cetraro, Italy 2010$982887 606 $a35B35$xStability in context of PDEs [MSC 2020]$3VANC022130$2MF 606 $a93Cxx$xModel systems in control theory [MSC 2020]$3VANC022769$2MF 606 $a93Bxx$xControllability, observability, and system structure [MSC 2020]$3VANC028642$2MF 610 $aControl theory$9KW:K 610 $aFluid control$9KW:K 610 $aFluid- and aerodynamics$9KW:K 610 $aNumerical Analysis$9KW:K 610 $aPartial differential equations$9KW:K 610 $aStabilization$9KW:K 620 $dBerlin$3VANL000066 702 1$aAlabau-Boussouira$bFatiha$3VANV073988 702 1$aCannarsa$bPiermarco$3VANV073989 702 1$aCoron$bJean-Michel$3VANV073990 712 $aSpringer $3VANV108073$4650 801 $aIT$bSOL$c20240614$gRICA 856 4 $uhttps://doi.org/10.1007/978-3-642-27893-8$zE-book ? Accesso al full-text attraverso riconoscimento IP di Ateneo, proxy e/o Shibboleth 899 $aBIBLIOTECA DEL DIPARTIMENTO DI MATEMATICA E FISICA$1IT-CE0120$2VAN08 912 $fN 912 $aVAN0091497 950 $aBIBLIOTECA DEL DIPARTIMENTO DI MATEMATICA E FISICA$d08CONS e-book $e08LNM2048 20121015 996 $aControl of partial differential equations$982887 997 $aUNICAMPANIA